000 00817nam a2200241 a 4500
003 CO-ViMGA
005 20230915233135.0
008 150414s2015 ck gr 0001f spa d
020 _a9789588883304
040 _aCO-ViMGA
_bspa
_cCO-ViMGA
043 _as-ck---
090 _aN MONH
100 1 0 _aMontt, Nahum
_d1967-
_925611
245 1 0 _aHermanos de tinta
_cNahum Montt
250 _aEdicion especial para El Ministerio de Cultura, Biblioteca Nacional de Colombia
260 _aBogota
_bAlfaguara
_c2015
300 _a221 pg̀inas
_c24 cm
600 1 4 _aCervantes Saavedra, Miguel de
_d1547-1616
_vNovela
_923467
600 1 4 _aShakespeare, William
_d1564-1616
_vNovela
_923468
650 1 4 _aLiteratura colombiana
_2LEMB
_ySiglo XX
_92515
650 1 4 _aNovela colombiana
_2LEMB
_ySiglo XX
_92514
942 _2ddc
_cBK
999 _c4010
_d4010